Statistics for Country Scramble Quiz #1

Click here to take the quiz!

General Stats

  • This quiz has been taken 20 times
  • The average score is 16 of 20

Answer Stats

HintAnswer% Correct
cnaadaCanada
100%
chainChina
95%
omiexcMexico
95%
uidnet sastetUnited States
95%
iaidnIndia
89%
usialrataAustralia
84%
efnracFrance
84%
pnjaaJapan
84%
apinsSpain
84%
edwesnSweden
84%
lirbzaBrazil
79%
ayiltItaly
79%
rsauisRussia
79%
tpyegEgypt
74%
idnuet inokmgdUnited Kingdom
74%
naymregGermany
68%
rgnainaetArgentina
53%
anecidlIceland
53%
dreailnIreland
53%
toaglurpPortugal
47%

Score Distribution

Percentile by Number Answered

Percent of People with Each Score

Your Score History

You have not taken this quiz